Durban 1942 : a British troopship revolt /

Bibliographic Details
Main Author: Rubin, Gerry R., 1948-
Format: Book
Language:English
Published: London ; Rio Grande, Ohio : Hambledon Press, 1992.
Subjects:

MARC

Tag First Indicator Second Indicator Subfields
LEADER 00000cam a2200000 a 4500
001 in00001402382
005 20151020055340.0
008 920116s1992 enk b 001 0 eng
010 |a  92003361  
015 |a GB92-50059 
019 |a 27975128 
020 |a 1852850809 
035 |a (OCoLC)25630888 
035 |9 AHN4251AM 
040 |a DLC  |c DLC  |d TXA  |d UtOrBLW 
043 |a e-uk---  |a f-sa--- 
049 |a TXAM 
050 0 0 |a D772.C5  |b R8 1992 
082 0 0 |a 940.54/5941  |2 20 
100 1 |a Rubin, Gerry R.,  |d 1948- 
245 1 0 |a Durban 1942 :  |b a British troopship revolt /  |c Gerry R. Rubin. 
264 1 |a London ;  |a Rio Grande, Ohio :  |b Hambledon Press,  |c 1992. 
300 |a x, 148 pages ;  |c 25 cm. 
336 |a text  |b txt  |2 rdacontent 
337 |a unmediated  |b n  |2 rdamedia 
338 |a volume  |b nc  |2 rdacarrier 
504 |a Includes bibliographical references (pages 129-141) and index. 
610 2 0 |a City of Canterbury (Ship) 
650 0 |a World War, 1939-1945  |x Naval operations, British. 
650 0 |a World War, 1939-1945  |x Transportation. 
650 0 |a Mutiny  |z Great Britain  |x History  |y 20th century. 
650 0 |a World War, 1939-1945  |z South Africa  |z Durban. 
651 0 |a Durban (South Africa)  |x History, Military. 
610 1 4 |a Great Britain.  |b Royal Air Force. 
948 |a c:dm 
999 |a MARS 
999 f f |s 63f11038-13fb-3f98-bca5-1127daf7045e  |i 601f6ea9-3ff5-3f61-8ccf-3f7deb7ad713  |t 0 
952 f f |p ric  |a Texas A&M University  |b Rellis Campus  |c Joint Library Facility  |d Remote Storage  |t 0  |e D772.C5 R8 1992  |h Library of Congress classification  |i unmediated -- volume  |m A14823448224 
998 f f |a D772.C5 R8 1992  |t 0  |l Remote Storage